|
|
|
|
| LEADER |
00000cam a2200000 7i4500 |
| 001 |
0000021540 |
| 005 |
20080523.0 |
| 008 |
071205 |
| 020 |
|
|
|a 9810249136
|
| 040 |
|
|
|a INS
|
| 090 |
0 |
0 |
|a HD30.2
|b Z45 2005
|
| 100 |
1 |
|
|a Zeleny, Milan
|
| 245 |
1 |
0 |
|a Human systems management (HSM) :
|b integrating knowledge, management and systems
|c Milan Zeleny
|
| 260 |
|
|
|a New Jersey :
|b World Scientific ,
|c 2005
|
| 300 |
|
|
|a xxiii, 459p. ;
|c 23cm.
|
| 500 |
|
|
|a Includes index
|
| 504 |
|
|
|a Bibliography: p.441-453
|
| 650 |
0 |
0 |
|a Knowledge management
|
| 650 |
0 |
0 |
|a Oeganizational effectiveness
|
| 650 |
0 |
0 |
|a System theory
|
| 999 |
|
|
|a 0000020001
|b BOOK
|c Open Shelf
|e Default branch
|